Sustainability Entrepreneurship, Equity And Digital Strategies (Record no. 43534)
[ view plain ]
| 000 -LEADER | |
|---|---|
| fixed length control field | 00933nam a22002895i 4500 |
| 001 - CONTROL NUMBER | |
| control field | 23713941 |
| 005 - DATE AND TIME OF LATEST TRANSACTION | |
| control field | 20250403150944.0 |
| 008 - FIXED-LENGTH DATA ELEMENTS--GENERAL INFORMATION | |
| fixed length control field | 240530s2024 ii 000 0 eng |
| 010 ## - LIBRARY OF CONGRESS CONTROL NUMBER | |
| LC control number | 2024307985 |
| 020 ## - INTERNATIONAL STANDARD BOOK NUMBER | |
| International Standard Book Number | 9789356409903 |
| 025 ## - OVERSEAS ACQUISITION NUMBER | |
| Overseas acquisition number | I-E-2024307985; 49-90; 79-90 |
| 041 ## - LANGUAGE CODE | |
| Language code of text/sound track or separate title | eng |
| 042 ## - AUTHENTICATION CODE | |
| Authentication code | lcode |
| 082 ## - DEWEY DECIMAL CLASSIFICATION NUMBER | |
| Classification number | 658.408 AND |
| 100 ## - MAIN ENTRY--PERSONAL NAME | |
| Author | Tripathi, Amarnath and Sharma, Keshav |
| 245 00 - TITLE STATEMENT | |
| Title | Sustainability Entrepreneurship, Equity And Digital Strategies |
| 260 ## - PUBLICATION, DISTRIBUTION, ETC. | |
| Place | New Delhi |
| Publisher | Bloomsbury |
| Publication Year | 2024 |
| 300 ## - PHYSICAL DESCRIPTION | |
| Extent | 397 pages |
| 650 ## - SUBJECT ADDED ENTRY--TOPICAL TERM | |
| Subject | Entrepreneurship; Sustainable Development; Organizational Change; Management; Social Change |
| 942 ## - ADDED ENTRY ELEMENTS (KOHA) | |
| Koha item type | Books |
| 264 #1 - PRODUCTION, PUBLICATION, DISTRIBUTION, MANUFACTURE, AND COPYRIGHT NOTICE | |
| Place of production, publication, distribution, manufacture | New Delhi : |
| Name of producer, publisher, distributor, manufacturer | Bloomsbury India, |
| Date of production, publication, distribution, manufacture, or copyright notice | 2024. |
| 336 ## - CONTENT TYPE | |
| Content type term | text |
| Content type code | txt |
| Source | rdacontent |
| 337 ## - MEDIA TYPE | |
| Media type term | unmediated |
| Media type code | n |
| Source | rdamedia |
| 338 ## - CARRIER TYPE | |
| Carrier type term | volume |
| Carrier type code | nc |
| Source | rdacarrier |
| 906 ## - LOCAL DATA ELEMENT F, LDF (RLIN) | |
| a | 7 |
| b | par |
| c | origode |
| d | 3 |
| e | ncip |
| f | 20 |
| g | y-gencatlg |
| Withdrawn status | Lost status | Source of classification or shelving scheme | Damaged status | Not for loan | Home library | Current library | Shelving location | Accession Date | Vendor | Price | Bill number | Total Checkouts | Full call number | Barcode No | Date last seen | Discount | Bill Date | Koha item type | Suggested By |
|---|---|---|---|---|---|---|---|---|---|---|---|---|---|---|---|---|---|---|---|
| Dewey Decimal Classification | IMTN | IMTN | Rack 31-B | 03/26/2025 | Raghav Books Private Limited | 1499.00 | 2374 | 658.408 ANA | 33814 | 04/03/2025 | 30 | 02/14/2025 | Books | Dr. Mantha Raghu (Head Librarian) |